[Event "Challenge"]
[Site "http://www.queenalice.com/game.php?id=423431"]
[Date "2008.6.26"]
[Round "-"]
[White "andres_98"]
[Black "pisco1"]
[Result "0-1"]
[WhiteElo "1142"]
[BlackElo "1300"]

1. e4 e5 2. Bc4 Nf6 3. Qf3 Nc6 4. Qf5 d6 5. Nc3 Bxf5 6. exf5 Nd4 7. Bb5+ c6 8.
Bc4 Nxc2+ 9. Ke2 Nxa1 10. Bd3 Qb6 11. Bc4 Qd4 12. Bb3 Ne4 13. Nxe4 Qxe4+ 14. Kf1
Nc2 15. f3 Qe1# 0-1

[Event "Challenge"]
[Site "http://www.queenalice.com/game.php?id=424081"]
[Date "2008.6.27"]
[Round "-"]
[White "mitchelli"]
[Black "pisco1"]
[Result "0-1"]
[WhiteElo "1533"]
[BlackElo "1409"]

1. e4 e5 2. Nf3 Nc6 3. d3 h6 4. c4 Nf6 5. Nc3 Bc5 6. Be3 Bxe3 7. fxe3 O-O 8. Nd5
d6 9. Nxf6+ Qxf6 10. d4 Bg4 11. h3 Bxf3 12. Qxf3 Qe7 13. d5 Nb4 14. Bd3 Nxd3+
15. Kd2 Nc5 16. b4 Na4 17. c5 dxc5 18. a3 c4 19. Rac1 b5 20. h4 a5 21. Rb1 axb4
22. axb4 c3+ 23. Ke2 Nb2 24. Rbc1 Qxb4 25. g4 Qc4+ 26. Kf2 Nd3+ 27. Kf1 Nxc1+
28. Kg2 Ne2 29. Kf2 Ra2 30. Re1 Nd4+ 31. Re2 Nxe2 32. Qf5 Nd4+ 0-1

[Event "Challenge"]
[Site "http://www.queenalice.com/game.php?id=430678"]
[Date "2008.7.10"]
[Round "-"]
[White "pisco1"]
[Black "guizani"]
[Result "1-0"]
[WhiteElo "1428"]
[BlackElo "1409"]

1. e4 e5 2. Nf3 d6 3. h3 Nc6 4. Be2 Nf6 5. d3 Be7 6. O-O O-O 7. Be3 d5 8. Nbd2
dxe4 9. dxe4 Bb4 10. c3 Ba5 11. b4 Bb6 12. Bxb6 axb6 13. Bc4 Ra3 14. Bb3 Qd3 15.
Nb1 Rd8 16. Qxd3 Rxd3 17. Nxa3 Rxc3 18. Rad1 Nxb4 19. Rd8+ Ne8 20. Rxe8# 1-0

[Event "Challenge"]
[Site "http://www.queenalice.com/game.php?id=430841"]
[Date "2008.7.10"]
[Round "-"]
[White "miguelnalexandre"]
[Black "pisco1"]
[Result "1-0"]
[WhiteElo "1580"]
[BlackElo "1447"]

1. e4 e5 2. Nf3 Nc6 3. Nc3 Bc5 4. d4 exd4 5. Nd5 Nf6 6. Bg5 Be7 7. Bd3 O-O 8.
O-O h6 9. Bxf6 Bxf6 10. e5 Bxe5 11. Qe2 d6 12. Qe4 Ne7 13. Nxe7+ Qxe7 14. Qh7#
1-0

[Event "Challenge"]
[Site "http://www.queenalice.com/game.php?id=434001"]
[Date "2008.7.16"]
[Round "-"]
[White "guizani"]
[Black "pisco1"]
[Result "0-1"]
[WhiteElo "1376"]
[BlackElo "1474"]

1. c3 e5 2. Qb3 Nf6 3. Nf3 Nc6 4. Ng5 d5 5. e4 Be6 6. Qxb7 Na5 7. Qb5+ c6 8. Qa4
h6 9. Nf3 Bd6 10. b4 Nc4 11. Qxc6+ Bd7 12. Bxc4 Bxc6 13. exd5 Bxd5 14. Bb5+ Nd7
15. c4 Bxf3 16. gxf3 O-O 17. c5 Bc7 18. Nc3 Nf6 19. Bb2 a6 20. Bc6 Rb8 21. Ne4
Rxb4 22. Rb1 Rc4 23. d3 Qxd3 24. Rd1 Qxf3 25. Nxf6+ Qxf6 26. Rd7 Qxc6 27. Rd3
Qxh1+ 28. Ke2 Rc2+ 29. Rd2 Qe4+ 30. Kd1 Rd8 31. Rxd8+ Bxd8 0-1

[Event "Challenge"]
[Site "http://www.queenalice.com/game.php?id=435178"]
[Date "2008.7.18"]
[Round "-"]
[White "JeanTeixeira"]
[Black "pisco1"]
[Result "0-1"]
[WhiteElo "1399"]
[BlackElo "1508"]

1. e4 e5 2. Nf3 d6 3. Nc3 Be7 4. b3 Nf6 5. d4 Bd7 6. a4 Nc6 7. Be3 exd4 8. Nxd4
O-O 9. f3 h6 10. g4 Nb4 11. h4 c5 12. Nf5 Bxf5 13. gxf5 d5 14. e5 Nh5 15. Rg1
Bxh4+ 16. Bf2 Re8 17. Qe2 Bxf2+ 18. Qxf2 Rxe5+ 19. Kd1 d4 20. Nb5 a6 21. Na3 Nf4
22. Bc4 d3 23. Rg4 dxc2+ 24. Kc1 Nfd3+ 25. Bxd3 Nxd3+ 26. Kd2 Nxf2+ 27. Kxc2
Qd3+ 28. Kb2 Re2+ 29. Nc2 Qxc2+ 30. Ka3 Qb2# 0-1

[Event "Challenge"]
[Site "http://www.queenalice.com/game.php?id=435543"]
[Date "2008.7.19"]
[Round "-"]
[White "pisco1"]
[Black "ThurstonRar"]
[Result "0-1"]
[WhiteElo "1504"]
[BlackElo "1561"]

1. e4 c6 2. Nf3 d5 3. e5 Bf5 4. d4 e6 5. Nc3 c5 6. Be3 cxd4 7. Bxd4 Nc6 8. Bb5
a6 9. Bxc6+ bxc6 10. O-O c5 11. b4 cxd4 12. Qxd4 Bxc2 13. Rac1 Be4 14. b5 Bxf3
15. g3 f6 16. b6 Ne7 17. Qa4+ Qd7 18. Qa5 d4 19. Ne4 Bxe4 20. Rc7 Qb5 21. Qd2
Qxb6 22. Rfc1 Nc6 23. R7xc6 Bxc6 24. exf6 gxf6 25. h4 h5 26. Qf4 Ke7 27. Kh2 Bh6
28. Qxh6 Rxh6 29. Kh3 d3 30. Rd1 Rd8 31. f4 Qf2 0-1

[Event "Challenge"]
[Site "http://www.queenalice.com/game.php?id=444241"]
[Date "2008.8.5"]
[Round "-"]
[White "genethetrucker"]
[Black "pisco1"]
[Result "0-1"]
[WhiteElo "1365"]
[BlackElo "1559"]

1. e4 e5 2. Nf3 d6 3. Bc4 Nf6 4. d3 h6 5. Nc3 Be7 6. Bd2 O-O 7. O-O Nc6 8. Re1
b6 9. Nd5 Nd4 10. Nxd4 Be6 11. Nxe6 fxe6 12. Nxf6+ Rxf6 13. c3 d5 14. exd5 exd5
15. Bb5 Bd6 16. Qg4 Qe7 17. Bxh6 Rxh6 18. Re2 Rf8 19. Rae1 Qf6 20. Bc6 e4 21.
Bxd5+ Kh8 22. Qxe4 Bxh2+ 23. Kf1 Bg3 24. Qe3 Rh1# 0-1

[Event "Challenge"]
[Site "http://www.queenalice.com/game.php?id=444790"]
[Date "2008.8.7"]
[Round "-"]
[White "CONTEMPLATIF"]
[Black "pisco1"]
[Result "1-0"]
[WhiteElo "1710"]
[BlackElo "1570"]

1. Nf3 d6 2. d4 b6 3. c4 c5 4. d5 Bb7 5. e4 e5 6. Nc3 a6 7. Bd2 Be7 8. Be2 h6 9.
a4 Nf6 10. O-O O-O 11. Qc1 Kh7 12. h3 Nbd7 13. Nh2 Rg8 14. f4 exf4 15. Bxf4 b5
16. axb5 axb5 17. Nxb5 Nxe4 18. Bd3 Nf6 19. Qc2 Rxa1 20. Bxe4+ g6 21. Rxa1 h5
22. Nf3 Nxe4 23. Qxe4 Re8 24. Qc2 Qd7 25. Re1 Ba6 26. Na3 Bf6 27. Rxe8 Qxe8 28.
b3 Be5 29. Ng5+ Kg7 30. Bxe5+ Qxe5 31. Nf3 Qe3+ 32. Kh1 Bc8 33. Kh2 Bf5 34. Qb2+
f6 35. Nb5 Qf4+ 36. Kh1 Qg3 37. Nc7 Bd7 38. Ne6+ Kf7 39. Kg1 g5 40. Qb1 Bxe6 41.
dxe6+ Kxe6 42. Qe4+ Kf7 43. Qh7+ Ke6 44. Qxh5 Qf4 45. Qe8+ Kf5 46. g4+ 1-0

[Event "Challenge"]
[Site "http://www.queenalice.com/game.php?id=448677"]
[Date "2008.8.14"]
[Round "-"]
[White "pisco1"]
[Black "Admilton"]
[Result "1-0"]
[WhiteElo "1565"]
[BlackElo "1558"]

1. e4 e5 2. Nf3 Qf6 3. Nc3 b6 4. d3 Nc6 5. Be2 Bc5 6. O-O a6 7. Be3 Nge7 8. a3
Qg6 9. Bxc5 bxc5 10. g3 d6 11. Nh4 Qg5 12. Nd5 Nxd5 13. exd5 Ne7 14. c4 Rb8 15.
b3 g6 16. Rb1 h5 17. Nf3 Nf5 18. Nxg5 f6 19. Nf3 Ng7 20. Nh4 Kf7 21. b4 g5 22.
Nf3 g4 23. Nh4 cxb4 24. axb4 Bd7 25. f3 c5 26. bxc5 dxc5 27. Rxb8 Rxb8 28. fxg4
hxg4 29. Bxg4 Be8 30. Qf3 Rb6 31. Be6+ Nxe6 32. Qxf6+ Kg8 33. Ng6 Bf7 34. Qh8#
1-0

[Event "Challenge"]
[Site "http://www.queenalice.com/game.php?id=449839"]
[Date "2008.8.17"]
[Round "-"]
[White "Nefelibatas"]
[Black "pisco1"]
[Result "1-0"]
[WhiteElo "1457"]
[BlackElo "1590"]

1. e4 e5 2. Nf3 d6 3. d4 exd4 4. Nxd4 Nd7 5. Be2 b6 6. Nf5 Ngf6 7. Bf3 Bb7 8.
Be3 Be7 9. Nxg7+ Kf8 10. Nf5 Bxe4 11. Bh6+ Kg8 12. Bxe4 Ne5 13. Bxa8 Qxa8 14.
O-O Ng6 15. Bg5 h6 16. Nxe7+ Kg7 17. Qd4 hxg5 18. Nxg6 Kxg6 19. Nc3 Qb8 20. Qd3+
Kg7 21. Ne4 c6 22. Qc3 Rh6 23. Nxg5 d5 24. Qg3 Qh8 25. Rae1 Rg6 26. Re7 Nh5 27.
Rxf7+ Kh6 28. Rh7+ Qxh7 29. Nxh7 Kxh7 30. Qc7+ Kh6 31. h3 c5 32. Qxa7 Nf4 33. g3
Nxh3+ 34. Kh2 Ng5 35. Qa4 d4 36. f4 Ne4 37. Rg1 Kh5 38. Qe8 Nf6 39. g4+ Nxg4+
40. Rxg4 Kxg4 41. Qxg6+ Kxf4 42. Qxb6 1-0

[Event "Cha 03"]
[Site "http://www.queenalice.com/game.php?id=450356"]
[Date "2008.8.19"]
[Round "-"]
[White "pisco1"]
[Black "grazo"]
[Result "0-1"]
[WhiteElo "1598"]
[BlackElo "1832"]

1. e4 e5 2. Nf3 d6 3. h3 Be6 4. Be2 h6 5. O-O a6 6. d3 Nf6 7. Be3 h5 8. Nbd2 g6
9. c4 c5 10. b3 Nc6 11. Bg5 Bh6 12. Bxf6 Qxf6 0-1

[Event "Challenge"]
[Site "http://www.queenalice.com/game.php?id=460357"]
[Date "2008.9.8"]
[Round "-"]
[White "ZUMBI"]
[Black "pisco1"]
[Result "0-1"]
[WhiteElo "1676"]
[BlackElo "1583"]

1. e4 e5 2. Nf3 Nc6 3. Nc3 Be7 4. Bb5 Nf6 5. O-O O-O 6. d4 d6 7. d5 Nd4 8. Nxd4
exd4 9. Qxd4 a6 10. Ba4 h6 11. Bf4 Nh5 12. Be3 b5 13. Bb3 a5 14. Nxb5 Ba6 15.
Ba4 Bf6 16. Qc4 Bxb5 17. Bxb5 Bxb2 18. Rab1 Be5 19. Bc6 Rc8 20. Qa6 Nf6 21. f4
Bc3 22. f5 Nxe4 23. Rf4 Nd2 24. Rd1 Qe7 25. Bxd2 Be5 26. Re4 Bxh2+ 27. Kxh2 Qxe4
28. f6 Qe5+ 29. Kg1 Qxf6 30. Qxa5 Qg6 31. c4 f5 32. Bc3 f4 33. Kf2 Qg3+ 34. Kg1
f3 35. Rd2 f2+ 36. Kf1 Qh2 37. Rxf2 Qh1+ 38. Ke2 Qc1 39. Rxf8+ Rxf8 40. Bb4
Qxc4+ 41. Kd2 Rf2+ 42. Ke1 Qe2# 0-1

[Event "Challenge"]
[Site "http://www.queenalice.com/game.php?id=460358"]
[Date "2008.9.8"]
[Round "-"]
[White "pisco1"]
[Black "ZUMBI"]
[Result "1-0"]
[WhiteElo "1556"]
[BlackElo "1694"]

1. e4 e5 2. Nf3 Nc6 3. Be2 Nf6 4. d3 Bc5 5. O-O O-O 6. Nc3 d5 7. Bg5 Be7 8. h3
d4 9. Nd5 Nxd5 10. exd5 Nb4 11. Bxe7 Qxe7 12. c4 a5 13. a3 Na6 14. Qd2 a4 15.
Bd1 Bf5 16. Bxa4 Nc5 17. Bc2 e4 18. dxe4 Bxe4 19. Bxe4 Qxe4 20. Nxd4 f5 21. Rae1
Qh4 22. Ne6 Nb3 23. Qc3 Rf6 24. Qxb3 c6 25. Qxb7 Ra4 26. Qxg7# 1-0

[Event "Challenge"]
[Site "http://www.queenalice.com/game.php?id=501201"]
[Date "2008.12.1"]
[Round "-"]
[White "Tourniquet"]
[Black "pisco1"]
[Result "1-0"]
[WhiteElo "1768"]
[BlackElo "1607"]

1. e4 e5 2. Nf3 d6 3. d4 exd4 4. Nxd4 Nd7 5. Bc4 Ngf6 6. Bg5 Be7 7. Bxf6 Nxf6 8.
Nd2 a6 9. O-O b5 10. Nc6 Qd7 11. Bd5 Bb7 12. Nxe7 Bxd5 13. Nxd5 Qe6 14. Re1 O-O
15. Nxc7 Qe5 16. Nxa8 Rxa8 17. c3 h6 18. Nf3 Qe6 19. Nd4 Qc4 20. Nf5 Rd8 21.
Nxd6 Qc6 22. e5 Nd5 23. Qf3 Rf8 24. Rad1 Ne7 25. Qxc6 Nxc6 26. e6 fxe6 27. Rxe6
Nd8 28. Re7 Nc6 29. Rc7 Ne5 30. Rc8 Rxc8 31. Nxc8 Nc4 32. b4 Kh7 33. Nd6 Na3 34.
f4 h5 35. Kf2 g6 36. Kg3 Kh6 37. h4 Nc2 38. Kf3 Na3 39. f5 Nc4 40. f6 g5 41. f7
gxh4 42. f8=Q+ Kg5 43. Rd5+ Kg6 44. Qf7+ Kh6 45. Rxh5# 1-0

[Event "Challenge_2"]
[Site "http://www.queenalice.com/game.php?id=507333"]
[Date "2008.12.13"]
[Round "-"]
[White "pisco1"]
[Black "Tourniquet"]
[Result "0-1"]
[WhiteElo "1620"]
[BlackElo "1797"]

1. e4 e5 2. b3 g6 3. Bb2 Bg7 4. Nf3 Nc6 5. Be2 Nf6 6. d3 d6 7. h3 O-O 8. O-O Re8
9. Nbd2 b5 10. d4 exd4 11. Bxb5 Bd7 12. Bxd4 Nxd4 13. Bxd7 Nxf3+ 14. Qxf3 Qxd7
15. Rad1 c5 16. Nc4 Nxe4 17. h4 Bd4 18. a3 Re7 19. Ne3 Qb7 20. Ng4 Kg7 21. Qf4
h5 22. Nh2 f5 23. Nf3 Be5 24. Nxe5 dxe5 25. Qh2 f4 26. f3 Nc3 27. Rde1 Qa6 28.
a4 Ne2+ 29. Kf2 Ng3 30. Rg1 Rd8 31. Re4 Rd2+ 32. Ke1 Nxe4 33. fxe4 Qe2# 0-1